000 00888nam a2200301#a 4500
001 02511
003 HDC
007 ta
008 230623s2016 xx 000 0 eng d
020 _a9781138954182
_qpaperback
040 _aHDC
050 _aHD9000.5
_b .F536 2016
100 _aFischer, Johan
_eauthor
245 0 _aIslam, Standards, and Technoscience :
_bIn Global Halal Zones /
_cJohan Fischer
264 _aNew York :
_bRoutledge,
_c2016
300 _a207 pages. :
_b photos ;
_c 24 cm
490 _aRoutledge studies in anthropology ;
500 _aIncludes index.
504 _aBibliography
650 _aConsumption (Economics)
_xReligious aspects
_xIslam
650 _aHalal food industry
650 _aHalal food
_xSocial aspects
650 _aTechnology
_xReligious aspects
_xIslam
942 _2lcc
942 _cBK
942 _kHD9000.5
942 _m .F536 2016
999 _c24068
_d24068